000 01335nam a2200301 a 4500
001 BRCA_7583
005 20190320205911.0
008 060713s1745----sp-#######---#000-0#spa-#
041 _aspa
044 _asp
050 4 _aBT660
_b.B49 1745
100 1 _aBezerra Tanco, Luis
_918705
245 1 0 _aFelicidad de México
_ben la admirable aparición de la virgen María Ntra. Señora de Guadalupe, y origen de su milagrosa imagen, que se venera en su santuario extramuros de aquella ciudad
_csu autor el Bach. Luis Bezerra Tanco.
250 _a4a ed.
260 _aMadrid
_bJuan de Zuñiga
_c1745
300 _a109 p.
_bil., 1 lámina
_c17 cm.
500 _aEdición que se dedida al Rey Nuestro Señor. La Real Congregación de Nuestra Señora de Guadalupe de México, fundada en Madrid
500 _aCon Ex- libris de: Franz Mayer, A. Canovas del Castillo de Romero Martínez y Luis Bardon librero- anticuario
500 _aFondo antiguo
500 _aSe encuentra en Caja Fuerte
500 _aT-6
500 _aNota de encuadernación: en piel pergamino con broches en cinta de piel
500 _aContiene prólogo
506 0 _aFondo reservado: para su consulta es necesario credencial de usuario y carta de motivos
650 1 4 _aGuadalupe, Virgen de
_xApariciones y milagros
_918706
902 _aLAR
942 _2lcc
_cB
999 _c7257
_d7257